Gold : (Record no. 16628)

MARC details
000 -LEADER
fixed length control field 01080aam a2200301ui 4500
001 - CONTROL NUMBER
control field 008220954
003 - CONTROL NUMBER IDENTIFIER
control field EG-ScBUE
005 - DATE AND TIME OF LATEST TRANSACTION
control field 20260315100633.0
008 - FIXED-LENGTH DATA ELEMENTS--GENERAL INFORMATION
fixed length control field 900410t1987 nyua f b 001 0 eng d
020 ## - INTERNATIONAL STANDARD BOOK NUMBER
International Standard Book Number 9780442211622
040 ## - CATALOGING SOURCE
Original cataloging agency EG-ScBUE
Language of cataloging eng
Description conventions rda
Transcribing agency EG-ScBUE
Modifying agency EG-ScBUE
082 04 - DEWEY DECIMAL CLASSIFICATION NUMBER
Classification number 553.41
Edition number 22
Item number BOY
100 1# - MAIN ENTRY--PERSONAL NAME
Personal name Boyle, R. W.
Fuller form of name (Robert William),
Dates associated with a name 1920-
9 (RLIN) 29568
Relator term author.
245 10 - TITLE STATEMENT
Title Gold :
Remainder of title history and genesis of deposits /
Statement of responsibility, etc Robert W. Boyle, Geology Survey of Canada, Ottawa, Ontario, Canada.
264 #1 - PUBLICATION, DISTRIBUTION, ETC. (IMPRINT)
Place of publication, distribution, etc New York :
Name of publisher, distributor, etc Van Nostrand Reinhold,
Date of publication, distribution, etc [1987]
264 #4 - PUBLICATION, DISTRIBUTION, ETC. (IMPRINT)
Date of publication, distribution, etc c1987
300 ## - PHYSICAL DESCRIPTION
Extent xvii, 676 pages :
Other physical details illustrations ;
Dimensions 27 cm
336 ## - CONTENT TYPE
Source rdacontent
Content type term text
Content type code txt
337 ## - MEDIA TYPE
Media type term unmediated
Source rdamedia
Media type code n
338 ## - CARRIER TYPE
Carrier type term volume
Carrier type code nc
Source rdacarrier
500 ## - GENERAL NOTE
General note Sponsored by : Society of Economic Geologists, and Society of Economic Geologists Foundation.
504 ## - BIBLIOGRAPHY, ETC. NOTE
Bibliography, etc Includes bibliographical references and index.
650 #7 - SUBJECT ADDED ENTRY--TOPICAL TERM
Topical term or geographic name as entry element Gold ores.
9 (RLIN) 29569
Source of heading or term BUEsh
650 #7 - SUBJECT ADDED ENTRY--TOPICAL TERM
Topical term or geographic name as entry element Gold.
9 (RLIN) 29570
Source of heading or term BUEsh
653 ## - INDEX TERM--UNCONTROLLED
Arrived date list April2012
655 ## - INDEX TERM--GENRE/FORM
Form subdivision Reading book
942 ## - ADDED ENTRY ELEMENTS (KOHA)
Source of classification or shelving scheme Dewey Decimal Classification
Koha item type Book - Borrowing
Holdings
Withdrawn status Lost status Source of classification or shelving scheme Damaged status Not for loan Collection code Home library Current library Shelving location Date acquired Source of acquisition Total Checkouts Total Renewals Full call number Barcode Date last seen Date checked out Price effective from Koha item type
    Dewey Decimal Classification     Baccah Central Library Central Library First floor 03/04/2012   4 3 553.41 BOY 000026590 15/07/2025 03/01/2019 03/04/2012 Book - Borrowing